[Event "FRA-chT Gp-B"]
[Site "France"]
[Date "2003.01.31"]
[Round "1.1"]
[White "Delchev, Aleksander"]
[Black "Nikcevic, Nebojsa"]
[Result "1-0"]
[WhiteElo "2583"]
[BlackElo "2468"]
[Annotator "Ribli,Z"]
[PlyCount "91"]
[EventDate "2003.01.31"]
[EventType "team"]
[EventRounds "7"]
[EventCountry "FRA"]
[SourceTitle "CBM 094"]
[Source "ChessBase"]
[SourceDate "2003.05.26"]
[SourceVersion "1"]
[SourceVersionDate "2003.05.26"]
[SourceQuality "1"]
[WhiteTeam "Nice"]
[BlackTeam "Besancon"]
[WhiteTeamCountry "FRA"]
[BlackTeamCountry "FRA"]

1. c4 e5 2. g3 f5 {Dieser Zug wird selten gespielt und scheint mir zu frueh.
Wir haben eigentlich die Variante 1.e4 c5 2.f4 (mit umgekehrten Farben), wo
Weiß das Extra-Tempo mit g3 hat. Der Textzug waere noch schlechter in der
Variante 1.c4 e5 2.Nc3 f5 wegen 3.d4 (auch).} 3. d4 exd4 {Schwarz muss so
spielen, weil nach 3...e4 4.Nh3 kommt und der Springer begibt sich auf das
strategisch schöne Feld f4.} 4. Qxd4 Nc6 5. Qe3+ Kf7 {Es ist nicht so schoen,
wenn Schwarz im 5. Zug mit dem Koenig ziehen muss.} (5... Be7 6. Nc3 Nf6 7. Bg2
O-O 8. Nh3 (8. Nd5 Re8 9. Nxe7+ Qxe7 10. Qxe7 Rxe7 11. Bg5 Rf7 12. Bxf6 Rxf6
13. Nh3 Ne7 14. O-O-O d6 15. Rhe1 Rb8 16. Nf4 {1-0 Rivas Pastor,M-Castro
Valero,J/Mallorca 2000/CBM 79 ext (45)}) 8... d6 (8... Re8 9. O-O Bb4 10. Qd3
Ne5 11. Qc2 c6 12. a3 Bf8 13. b3 d6 14. Bb2 Be6 15. Ng5 Qe7 16. Rad1 Rad8 17.
Nxe6 Qxe6 18. e3 {1/2-1/2 Chernin,A-Bologan,V/Geneve 1996/CBM 54 ext (69)}) (
8... Nb4 9. Qd2 a5 10. Nf4 c6 11. O-O Na6 12. Nd3 (12. b3 Nc5 13. Bb2 $14)
12... d6 13. b3 Qe8 14. Bb2 $14 Bd8 15. Rae1 {[%cal Ge2e4] 1-0 Miezis,
N-Damljanovic,B/Istanbul 2000/EXT 2001/[Ribli] (52)}) 9. O-O Ne5 10. b3 c6 11.
Rd1 Re8 12. Qd4 Qa5 13. a4 Nfd7 14. Qd2 Nc5 15. Rb1 Qc7 16. a5 Bf8 17. f3 Be6
18. Nf2 Rad8 19. Qc2 Bf7 20. f4 Ned7 21. Ra1 {1-0 Romero Holmes,A-De la Villa
Garcia,J/Leon 1996/CBM 54 (67)}) (5... Qe7 6. Nc3 $14 Nb4 $6 7. Qd2) 6. Nf3 (6.
Nh3 $5 {[%csl Yd5][%cal Gh3f4,Gf4d5]}) 6... Nf6 7. Bg2 Bb4+ {Schwarz strebt
nach schneller Entwicklung und moechte seinen Turm über e8 ins Spiel bringen.}
8. Bd2 (8. Nc3 Re8 9. Qd3 $14) 8... Re8 9. Qb3 Bc5 (9... Bxd2+ 10. Nbxd2 Qe7
11. O-O $14) 10. Nc3 (10. O-O Ne4 $5 (10... Rxe2 11. Nc3 Re8 12. Bg5 $44 {
[%csl Rf7][%cal Gc3d5,Gd5f6,Gg5d8]})) 10... h6 (10... Kg8 11. Bg5 $14) 11. O-O
d6 (11... Kg8 $14) 12. Rad1 $14 {Weiß hat die bessere Entwicklung und eine
aktive Figurenstellung. Das d5-Feld ist immer eine positionelle Schwäche in
der schwarzen Stellung und sein Koenig steht etwas unsicher auf f7.} a6 13. Na4
$1 Ne4 (13... Ba7 14. c5+ $16 {[%cal Gb3f7]}) 14. Nxc5 {Mit diesem Tausch
gewinnt Weiß eigentlich einen Bauern.} Nxc5 15. Qa3 {[%cal Gb2b4]} Rxe2 (15...
a5 $2 16. b4 $16) 16. Be3 {[%csl Re2] Nach diesem Zug haengt Nc5 und der Re2
befindet sich in großer Not.} Ne4 (16... Ne6 17. c5 $16 {[%cal Gd1d8,Gc5d6]})
17. Nd4 $1 Nxd4 18. Bxd4 Qe7 (18... Ng5 19. Qc3 g6 (19... Ne6 20. Bd5 $16) 20.
c5 $16) 19. Bf3 {[%csl Re2][%cal Rf3e2]} Ng5 $8 (19... Rd2 20. Bxe4 $18) 20.
Bh5+ $1 g6 (20... Kf8 21. h4 Ne6 22. Bxe2 Nxd4 23. Rxd4 Qxe2 24. c5 $16) 21.
Bxe2 Qxe2 22. Qe3 $1 Qxe3 23. Bxe3 $16 {[%mdl 1024] Weiß hat eine Qualitaet
mehr, Schwarz hat keine ausreichende Kompensation.} f4 $1 {Das ist der einzige
Zug, der Schwarz Chancen auf Gegenspiel bietet.} 24. Bxf4 $1 {Mit diesem Zug
gibt Weiß die Qualitaet zurueck, aber bekommt ein technisches Endspiel mit
einem Mehrbauern.} (24. gxf4 $6 Nf3+ 25. Kg2 Nh4+ 26. Kg3 Nf5+ 27. Kf3 Bd7 $44)
24... Bh3 25. Bxg5 Bxf1 26. Bxh6 (26. Kxf1 hxg5 27. Rd5 Kf6 28. c5 dxc5 29.
Rxc5 c6 $14) 26... Be2 (26... Bxc4 27. Rc1 Bxa2 28. Rxc7+ Ke6 29. Rxb7 $16) 27.
Rd4 Re8 28. Be3 Re5 29. Kg2 Ra5 30. a3 Ra4 {Mit diesem Turmmanoever erreicht
Schwarz den Turmtausch, aber Weiß bleibt im Vorteil.} 31. c5 Rxd4 32. Bxd4 dxc5
33. Bxc5 {[%csl Gf2,Gg3,Gh2][%mdl 4096] Wegen der ungleichfarbigen Läufer hat
Schwarz gewisse Remischancen, aber Weiß hat drei Bauern gegen einen am
Koenigsfluegel, wo er verbundene Freibauern bilden kann.} g5 34. h3 Kg6 (34...
g4 35. hxg4 Bxg4 36. f3 $18) 35. g4 $1 a5 36. Be7 {[%cal Re7d8,Rd8a5]} c6 37.
Kg3 b5 38. Bd8 (38. h4 gxh4+ 39. Kxh4 $18) 38... a4 39. Be7 Bd1 40. Bc5 Kf6 41.
Bb6 Bc2 42. Bd8+ Kg6 43. h4 $18 {Nach diesem Zug gewinnt Weiß leicht mit
seinen verbundenen Freibauern am Koenigsfluegel.} (43. f4 gxf4+ 44. Kxf4 $18)
43... gxh4+ 44. Kxh4 Bd3 45. f4 Bb1 46. Kg3 $1 {Nach 46.f5+ kann Schwarz mit
46...Bxf5 den Läufer gegen zwei Bauern geben und der weiße Koenig waere weit
auf h4, aber der Textzug gewinnt leicht.} (46. Kg3 Bc2 47. Kf2 Bd1 (47... Bb1
48. Ke3 Bc2 49. f5+ $18) 48. f5+ $18) 1-0

[Event "Vienna"]
[Site "Vienna"]
[Date "1991.??.??"]
[Round "9"]
[White "Brestian, Egon"]
[Black "Epishin, Vladimir"]
[Result "0-1"]
[WhiteElo "2475"]
[BlackElo "2615"]
[Annotator "Ribli,Z"]
[PlyCount "50"]
[EventDate "1991.10.??"]
[EventType "tourn"]
[EventRounds "9"]
[EventCountry "AUT"]
[EventCategory "12"]
[SourceTitle "CBM 026"]
[Source "ChessBase"]
[SourceDate "1992.02.01"]
[SourceVersion "1"]
[SourceVersionDate "1992.02.01"]
[SourceQuality "1"]

1. c4 e5 2. g3 Nc6 3. Bg2 Bc5 4. e3 d6 5. Ne2 Bb6 6. Nbc3 Nge7 {-> A 26} 7. Nd5
$6 (7. O-O $5) 7... O-O 8. Nxb6 $6 (8. Nec3) 8... axb6 9. O-O Be6 10. d3 d5 $10
11. b3 Qd7 12. Bb2 Rfd8 13. a3 f6 14. Re1 Bh3 15. Bh1 dxc4 16. dxc4 Qf5 17. Qb1
Qxb1 18. Raxb1 Bf5 $1 19. e4 Bg6 $17 20. Rbd1 Na5 21. Nc1 c5 22. f3 Nec6 23.
Rxd8+ Rxd8 24. Kf2 Bf7 25. Ke3 $2 (25. Bc3) 25... Bxc4 0-1

[Event "Tatran Cup"]
[Site "Stary Smokovec"]
[Date "1991.??.??"]
[Round "6"]
[White "Gross, Stefan"]
[Black "Popovic, Petar"]
[Result "0-1"]
[WhiteElo "2430"]
[BlackElo "2550"]
[Annotator "Ribli,Z"]
[PlyCount "58"]
[EventDate "1991.10.??"]
[EventType "tourn"]
[EventRounds "9"]
[EventCountry "CSR"]
[EventCategory "10"]
[SourceTitle "CBM 026"]
[Source "ChessBase"]
[SourceDate "1992.02.01"]
[SourceVersion "1"]
[SourceVersionDate "1992.02.01"]
[SourceQuality "1"]

1. c4 e5 2. g3 c6 3. Nf3 e4 4. Nd4 d5 5. cxd5 Qxd5 6. Nb3 (6. Nc2 Nf6 7. Bg2
Qh5 8. h3 Bc5 $6 (8... Qg6 $5 9. Nc3 Bd6 10. Ne3 O-O 11. Qc2 Re8 $10 {
Shamkovich-Baumbach URS 1970 9/24}) 9. b4 Be7 10. Nc3 O-O 11. Nxe4 Nxe4 12.
Bxe4 Qe5 13. Bg2 Bxb4 14. O-O Bd6 15. d4 Qb5 16. e4 $14 {Schneider,B-Mephisto
Lyon EXP/21}) 6... Bf5 $5 (6... Nf6 7. Nc3 Qh5 8. d3 exd3 9. Qxd3 Na6 $1 $10 {
Larsen,B-Gulko,B Hastings A 1988 47/23 CBM/11}) 7. Bg2 Qd7 8. Nc3 Nf6 9. O-O
Be7 10. Re1 $6 (10. Qc2 $5 e3 11. d3 exf2+ 12. Rxf2 $13) 10... O-O 11. d4 exd3
12. exd3 Na6 $1 13. a3 Nc5 14. Nxc5 Bxc5 15. Ne4 Bd4 $15 16. Qc2 Rfe8 17. Bg5
Ng4 18. Re2 Ne5 19. Nc5 Bxc5 20. Qxc5 Nxd3 21. Rxe8+ Rxe8 22. Qc3 Qe6 23. Be3
a6 24. Bd4 Ne1 $1 25. Bxg7 Nxg2 26. Bh8 f6 27. Bxf6 Ne1 $1 28. Bh8 Nf3+ 29. Kh1
Ne5 0-1

[Event "EU-ch 2nd"]
[Site "Ohrid"]
[Date "2001.06.12"]
[Round "11"]
[White "Markowski, Tomasz"]
[Black "Wells, Peter K"]
[Result "1-0"]
[WhiteElo "2592"]
[BlackElo "2522"]
[Annotator "Ribli,Z"]
[PlyCount "87"]
[EventDate "2001.06.01"]
[EventType "swiss"]
[EventRounds "13"]
[EventCountry "YUG"]
[SourceTitle "CBM 084"]
[Source "ChessBase"]
[SourceDate "2001.09.13"]
[SourceVersion "1"]
[SourceVersionDate "2001.09.13"]
[SourceQuality "1"]

1. g3 e5 2. c4 Nf6 3. Bg2 c6 4. d4 (4. Nf3 e4 5. Nd4 d5) 4... Bb4+ (4... exd4
5. Qxd4 d5 6. Nf3) 5. Bd2 Bxd2+ 6. Qxd2 d6 7. Nc3 O-O (7... Qe7 8. e3 (8. e4 $6
d5 $5 $13 9. cxd5 exd4 10. Qxd4 cxd5 11. Nxd5 Nxd5 12. Qxd5 O-O $44 {0-1
Markowski,T-Savchenko,S/Cannes 2000/CBM 76/[Ribli] (28)}) 8... O-O 9. Nge2 e4 (
9... Re8 10. h3 {1/2-1/2 Dimitrov,V-Savchenko,S/Paris 2000/EXT 2001 (10)}) (
9... Na6 10. h3 $5 Re8 11. O-O Be6 12. b3 Rad8 13. Rae1 Bc8 14. g4 h6 15. Ng3
$14 {Nogueiras,J-Illescas Cordoba,M/Moscow (ol) 1994/Inf 63 (15)}) 10. d5 c5
11. h3 h5 12. O-O-O a6 13. Qc2 Re8 14. g4 hxg4 15. Ng3 {1-0 Markowski,
T-Gajewski,G/Warsaw POL 2001/(24)}) 8. dxe5 {Meiner Meinung nach verspricht
dieser Zug Weiß keinen Eröffnungsvorteil. Die Alternativen sind
aussichtsreicher.} (8. e4) (8. e3) (8. Nf3) 8... dxe5 9. Qxd8 Rxd8 10. Nf3 Re8
(10... e4 $5 11. Ng5 e3 12. fxe3 (12. f4 $6 Na6 $13) 12... Ng4 $44) 11. O-O {
Weiß hat zwar Entwicklungsvorteil, aber die schwarze Stellung ist solide. Der
Bg2 steht aufgrund der Bauern auf b7 und c6 wenig aktiv.} Bf5 (11... Bg4 $5 12.
Rfd1 Na6 13. Nd2 Rad8 14. Nb3 Be6 15. Na5 Bc8 16. a3 Nc7 17. b4 Ne6 18. e3
Rxd1+ 19. Rxd1 Rd8 20. c5 {1-0 Shestakov,S-Tishin,P/Donskoj 2000/CBM 79 ext 
(56)}) (11... Na6 12. Rfd1 Bf5 13. h3 h6 14. g4 Bh7 15. Ne1 Nc5 16. b4 Ne6 17.
b5 Rac8 18. bxc6 bxc6 19. Nd3 {1-0 Akopian,V-Gelfand,B/Cap d`Agde 1996/CBM 55
ext (52)}) (11... e4 12. Ng5 Bf5 $11) 12. Nd2 $11 {[%cal Gd2b3,Gb3a5,Gd2e4,
Ge4d6] Weiß öffnet die Diagonale des Bg2 und überführt auch seinen zweiten
Springer an den Damenflügel.} Na6 $6 {[%cal Ga6c5] Dieser Zug gefällt mir
nicht - der Springer steht unglücklich auf a6.} (12... Nbd7 13. Nb3 a5 $11) 13.
Nb3 Rac8 $6 (13... Rad8 $5 14. Na5 Bc8 15. a3 Rd2 16. b4 Nc7 $11) 14. Rfd1 Kf8
(14... Red8 15. Na5 $14) 15. Na5 Rc7 16. Rd2 {[%cal Ga1d1,Gd1d8] Weiß hat das
bessere Figurenspiel und übt Druck am Damenflügel aus.} e4 17. Rad1 b6 (17...
e3 18. fxe3 Rxe3 19. Rd8+ Re8 20. Rxe8+ Nxe8 (20... Kxe8 $2 21. Nxb7 Rxb7 22.
Bxc6+ Rd7 23. Nb5 $16) 21. Rd8 $11) 18. Nb3 Be6 (18... e3 19. fxe3 Rxe3 (19...
Ng4) 20. Nd4 Bd7 21. a3 $14) 19. Rd4 c5 (19... e3 20. fxe3 Ng4) 20. Rd6 Bxc4 (
20... e3 21. fxe3 Ng4 $132) 21. Nd2 $14 {Damit gewinnt Weiß den Bauern zurück.
Aufgrund der besseren Figurenstellung hat er leichten Vorteil.} Be6 22. Ndxe4
Nxe4 23. Bxe4 Bxa2 $6 {Es scheint, als könne Schwarz einen Bauern gewinnen,
tatsächlich aber verliert er nun eine Qualität.} (23... g6 24. Bc6 Ree7 25. a3
$14 {[%csl Ra6]}) 24. Bc6 $1 {[%mdl 2048] Trotz des relativ weit reduzierten
Materials hat Weiß starke Initiative.} Re6 (24... Rec8 $5 25. Bd7 (25. Rd8+
Rxd8 (25... Ke7 $2 26. Rxc8 Rxc8 27. Bb7 $18) 26. Rxd8+ Ke7 27. Re8+ Kd6 (27...
Kf6 $2 28. Bd5 $1 Bxd5 29. Nxd5+ $16 {[%cal Rd5c7,Rd5f6]}) 28. Ba4 {[%cal
Rc3b5,Rb5d6,Rb5c7]} Bc4 29. Bb5 $1 Bxb5 30. Nxb5+ Kd7 31. Nxc7 Nxc7 $16) 25...
Rd8 26. Nb5 Rb7 27. Be6 Rxd6 28. Nxd6 Bxe6 29. Nxb7 Nb4 $14) 25. Rd8+ Ke7 26.
Bb5 {[%cal Rc3a2,Rb5a6]} Nb4 27. Nxa2 Nxa2 28. Bc4 {[%cal Rc4e6,Rc4a2]} Nb4 29.
Bxe6 $16 Kxe6 30. Re8+ {[%mdl 1024] Weiß hat R gegen N+P, zudem stehen seine
Türme aktiv.} Kf5 (30... Re7 $16) 31. Rd6 {[%csl Gd6,Ge8,Rf5] Droht 32.e4+ mit
Matt.} f6 32. Red8 (32. Kg2 $16) 32... Re7 (32... Nc6 33. R8d7 $18) 33. Rd2 (
33. Kf1 $16) 33... Ke6 (33... Nc6 34. R8d7 $16) 34. R2d6+ Kf5 35. Kf1 Re4 36.
R8d7 $18 {[%csl Gd7][%cal Rd7a7,Rd7h7] Das Eindringen des Turms auf der
siebten Reihe ist tödlich.} Nc2 37. Rd2 (37. Rxa7 Rb4) 37... Rc4 38. Rxa7 g5
39. Rb7 (39. Rxh7 $18) 39... Nd4 40. Rxb6 {Weiß hat eine Qualität und einen
Bauern mehr.} Rc1+ 41. Kg2 g4 42. h3 h5 43. hxg4+ hxg4 44. b4 (44. b4 Ke5 45.
bxc5 Rxc5 46. Rb4 Rd5 47. e3 $18) 1-0

[Event "Haninge"]
[Site "Haninge"]
[Date "1990.??.??"]
[Round "2"]
[White "Seirawan, Yasser"]
[Black "Karpov, Anatoly"]
[Result "1-0"]
[WhiteElo "2595"]
[BlackElo "2730"]
[Annotator "Ribli,Z"]
[PlyCount "72"]
[EventDate "1990.05.??"]
[EventType "tourn"]
[EventRounds "11"]
[EventCountry "SWE"]
[EventCategory "14"]
[SourceTitle "CBM 018"]
[Source "ChessBase"]
[SourceDate "1990.10.01"]
[SourceVersion "1"]
[SourceVersionDate "1990.10.01"]
[SourceQuality "1"]

1. c4 e5 2. g3 g6 3. d4 d6 {3...Bg7 4.dxe5, Bxe5 5.Nf3 +/= Mednis,E-Crisan,A
Amsterdam OHRA-B 1989 CBM/15} 4. dxe5 dxe5 5. Qxd8+ Kxd8 6. Nc3 c6 {6...Be6 7.
b3, Nd7 8.Bb2, c6 9.h4!, h5 10.Bh3, Bxh3 11.Nxh3, f6 12.0-0-0, Kc7 13.f4 +/=
Mednis-Kindermann Palma de Mallorca GMA-op i 48/14} 7. f4 $1 Be6 8. Nf3 Bxc4 (
8... Nd7 $5 9. Ng5 Bxc4 10. b3 h6 11. bxc4 hxg5 12. fxg5 Bb4 13. Bd2 Ne7) 9.
Bh3 $1 f5 (9... Be6 10. Bxe6 fxe6 11. Nxe5 Ke8 12. Ne4 $1 $16) 10. b3 Bb4 11.
Bb2 Bd5 12. e4 $5 {12.0-0-0!?} fxe4 13. O-O-O Bxc3 14. Bxc3 exf3 (14... Ke7 $5
15. Nxe5 Nf6 16. Bb4+ Ke8 17. Bc8 Na6 18. Bxb7 Nxb4 19. Bxa8 Ke7 $1 {Van der
Wiel}) 15. Bxe5 Nd7 16. Bxh8 Ne7 17. Rhf1 (17. Rhe1 $5 {Van der Wiel} Nf5 18.
g4 Nh4) 17... Nf5 18. Bd4 h5 19. g4 hxg4 20. Bxg4 Nh4 21. Bf2 Ng2 22. Bg1 (22.
Rxd5 $1 {Van der Wiel} cxd5 23. Kd2 Nxf4 24. Bh4+ Kc7 25. Rxf3 Rf8 26. Be7 Re8
27. Rc3+ Kb6 28. Re3 $18) 22... Nh4 23. h3 Kc7 24. Bh2 Nf6 25. f5+ Kb6 26. fxg6
Nxg4 27. hxg4 Rg8 28. Rd4 a5 29. g5 Nxg6 30. Kd2 Rf8 31. Bg1 Ka6 32. Bf2 Rf5
33. Rg4 Ne5 34. Rg3 Ng6 35. Rh1 Re5 36. Re1 Rf5 $18 (36... Rf5 37. Re8 b6 38.
Rb8 c5 39. Rd8 $18 {/\ Rd6}) 1-0

[Event "Cannes masters k.o."]
[Site "Cannes"]
[Date "2000.02.21"]
[Round "3.2"]
[White "Markowski, Tomasz"]
[Black "Savchenko, Stanislav"]
[Result "0-1"]
[WhiteElo "2531"]
[BlackElo "2574"]
[Annotator "Ribli,Z"]
[PlyCount "56"]
[EventDate "2000.02.19"]
[EventType "k.o."]
[EventRounds "5"]
[EventCountry "FRA"]
[SourceTitle "CBM 076"]
[Source "ChessBase"]
[SourceDate "2000.05.31"]
[SourceVersion "1"]
[SourceVersionDate "2000.05.31"]
[SourceQuality "1"]

1. g3 {Interessant - der polnische Großmeister spielt oft diese weniger
ambitionierte Eröffnung.} e5 2. c4 Nf6 3. Bg2 c6 4. d4 (4. Nf3 e4 5. Nd4 d5)
4... Bb4+ {4...cxd4 5.Dxd4 d5 ist die andere Hauptfortsetzung.} 5. Bd2 Bxd2+ 6.
Qxd2 d6 7. Nc3 Qe7 {Eine seltene Fortsetzung - Schwarz rochiert nicht, sondern
entwickelt zunächst die Dame. Dieser Zug aber ist mehr als ein neutraler
Entwicklungszug, Schwarz möchte die Varianten mit e2-e4 vermeiden, bzw - wie
in der Partie - nach 8.e4 taktisches Gegenspiel bekommen.} (7... O-O 8. e4 (8.
e3 Be6 $5 (8... Re8 9. Nge2 e4 10. Rc1 d5 11. b3 Na6 12. cxd5 cxd5 13. Nf4 Nc7
14. O-O Ne6 $15 {0-1 Ruck,R-Beim,V/Oberwart 1997/EXT 99 (39)}) 9. b3 (9. d5
cxd5 10. cxd5 Bd7 11. Nge2 Na6 12. O-O b5 13. Rfc1 Qb6 14. Nd1 b4 15. b3 Nc5
16. Nb2 a5 17. Nc4 Qa6 18. f4 {1/2-1/2 Foisor,C-Puljek Salai,Z/Medulin 1997/
EXT 99 (36)}) 9... exd4 10. exd4 d5 $1 11. c5 Re8 12. Nge2 Qc8 13. O-O Bh3 14.
f3 Bxg2 15. Kxg2 b6 16. cxb6 axb6 17. Nf4 Nbd7 $11 {Lobron,E-Huzman,A/Budapest
1996/Inf 68 (17)}) 8... Nbd7 9. Nge2 a6 10. d5 cxd5 11. cxd5 b5 12. O-O $2 (12.
b4 $142 Nb6 13. O-O Nc4 14. Qd3 Bg4 15. a4 $11) 12... b4 13. Na4 a5 {0-1
Conquest,S-Avrukh,B/Batumi 1999/CBM 74/[Avrukh,B] (41)}) 8. e4 $6 {Nach 7...
Qe7ist dieser Zug riskant. Die Alternative 8.e3 scheint mir besser.} (8. e3
$142 $5 O-O 9. Nge2 Na6 10. h3 $5 Re8 11. O-O Be6 12. b3 Rad8 13. Rae1 Bc8 14.
g4 h6 15. Ng3 $14 {Nogueiras,J-Illescas Cordoba,M/Moscow (ol) 1994/Inf 63 (15)}
) 8... d5 $5 $13 {[%mdl 64] Das ist die Hauptidee von Schwarz! Er opfert einen
Bauern und bekommt aktives Figurenspiel.} 9. cxd5 (9. dxe5 Nxe4 10. Nxe4 dxe4
11. Bxe4 Qxe5 $11 {Schwarz hat mindestens gleiche Chancen, der Be4 steht
unglücklich.}) 9... exd4 (9... cxd5 $2 10. Nxd5 Nxd5 11. exd5 exd4+ 12. Ne2 $16
) 10. Qxd4 cxd5 11. Nxd5 (11. Nge2 $6 Nc6 $15) (11. e5 $2 Nc6 $17) 11... Nxd5
12. Qxd5 O-O $44 {Schwarz hat Kompensation für den Bauern - sein Koenig steht
in Sicherheit, während Weiß Probleme hat, seine Figuren zu entwickeln. Zudem
steht die weiße Dame exponiert.} 13. Ne2 Be6 14. Qd2 $6 (14. Qb5 $5 Rc8 $1 $44
{[%cal Re6c4,Rc4e2,Rc4b5]} (14... a6 15. Qa4 (15. Qb6 Nd7 16. Qe3) 15... Nc6
$44)) 14... Rd8 15. Qe3 Qb4+ 16. Qc3 Nc6 17. Nf4 {Weiß muss um jeden Preis
gewinnen, deshalb spielt er mit hohem Risiko. Ich möchte darauf hinweisen,
dass dieses Turnier in K.O. System gespielt wurde und dass der polnische
Großmeister die erste Partie verloren hatte. Die normale Fortsetzung - 17.0-0
- wäre objektiv besser, verschafft Weiß aber keine Gewinnchancen. Der Textzug
ist weniger stark...} (17. O-O Bc4 (17... Rd2 18. Qxb4 Nxb4 19. Nc3 Rc8 20. Nd5
Nxd5 21. exd5 Bxd5 22. Rfd1 Rxd1+ 23. Rxd1 Bxg2 24. Kxg2 $14) 18. Rfe1 Rd2 19.
a3 Qxc3 20. Nxc3 Rad8 $44) (17. Qxb4 Nxb4 18. O-O Bc4 $36) 17... Bc4 18. Bf1 $2
{[%mdl 8192]} (18. f3 $142) 18... Bxa2 $1 $15 19. Be2 (19. f3 Bb3 $15 (19...
Nd4 {Auf diese Weise kann Schwarz Remis erreichen.} 20. Rxa2 Nc2+ 21. Kf2 Qb6+
22. Ke2 Qb5+ 23. Kf2 (23. Nd3 $2 Rac8 24. Ra5 Rxc3 25. Rxb5 Rcxd3 $19) 23...
Qb6+ $11)) (19. Rxa2 Qxe4+ $19 {[%cal Re4e1,Re4h1]}) 19... Qxe4 $17 {Schon
jetzt hat Schwarz einen Bauern mehr, für den Weiß keine Kompensation hat.} 20.
f3 (20. O-O Bd5 21. Nxd5 (21. f3 Qd4+ $17) 21... Qxe2 $17) 20... Qf5 21. Bd3 (
21. O-O) (21. Rxa2 Qb1+ $19 {[%cal Rb1a2,Rb1e1]}) 21... Qe5+ 22. Qxe5 Nxe5 23.
Be4 Bc4 {[%csl Re1] Nach dem Damentausch ist die weiße Stellung nicht besser -
der König steht schlecht in der Mitte.} 24. Kf2 Rd2+ 25. Ke3 Rad8 26. Rxa7 (26.
Bxb7 g5 $19) 26... g5 $19 {[%csl Rf4] Nf4 hängt, und der weiße König befindet
sich im Mattnetz.} 27. Rxb7 (27. Nd5 Bxd5 $19) 27... gxf4+ 28. Kxf4 (28. gxf4
Re2#) 28... Nd3+ {Weiß hat Figur weniger - er gab auf.} 0-1